000 00795nam a22002417a 4500
999 _c100060
_d100060
005 20230209152049.0
010 _aENG-115142 ENG-136184
020 _a9789385755903
_c599.00
035 _aEN-98674
035 _aEN-119716
037 _bDBAD/PUB
082 _a394.13
100 _aPhillips, Rod
245 _aAlcohol :
_cby Rod Phillips
_ba history /
260 _aNew Delhi
_bSpeaking Tiger
_c2014
270 _a4381/4 Ansari Road, Daryaganj,
_bNew Delhi
_e110002
300 _a370p.
_c24cm(pbk)
500 _aIncludes bibliographical references and index
650 _aAlcohol
_xSocial aspects
_xHistory.
650 _aDrinking of alcoholic beverages
_xSocial aspects
_x History.
650 _aAlcoholic beverage industry
_xHistory.
942 _2ddc
_cEN
_mPHI
_h394.13